000 00775nam a2200277Ia 4500
003 OSt
005 20220926010513.0
006 a|||||r|||| 00| 0
007 ta
008 220923b |||||||| |||| 00| 0 eng d
020 _a9788126557509
037 _cGeneral Book
040 _aRTL
_cRTL
_beng
041 _2eng
_aeng
082 _aX:51-8.1.P, Q5
100 _aKOTABE Masaaki
245 0 _aInternational marketing
250 _a6th
260 _a New Delhi
_bWiley India
_c2015
300 _axxiv,595p
_ccm.
490 _aElsevier Asian Studies Series
500 _aBibliography chapterwise
700 _a HELSEN Kristiaan
_9270478
942 _hX:51-8.1.P, Q5
_cGB
_2CC
999 _c617405
_d617405